[Event "50th Rilton Cup 2022-23"]
[Site "Stockholm SWE"]
[Date "2022.12.31"]
[Round "5.45"]
[White "Stefanou, Dimitrios"]
[Black "Vestby-Ellingsen, Mads"]
[Result "1/2-1/2"]
[BlackTitle "IM"]
[WhiteElo "2266"]
[BlackElo "2389"]
[WhiteFideId "25825011"]
[BlackFideId "1520857"]
[EventDate "2022.12.27"]

1. e4 e5 2. Nf3 Nf6 3. Nxe5 d6 4. Nc4 Nxe4 5. Qe2 Qe7 6. Ne3 Nc6 7. c3 Be6 8. d4
d5 9. Nd2 Nxd2 10. Bxd2 Qd7 11. Qf3 O-O-O 12. Bb5 Kb8 13. a4 g5 14. h4 g4 15.
Qd1 g3 16. f4 h5 17. Qf3 Bg4 18. Nxg4 hxg4 19. Qxg3 a6 20. Bd3 Na5 21. Kd1 Nb3
22. Ra2 c5 23. f5+ Bd6 24. Bf4 cxd4 25. Bxd6+ Qxd6 26. Qxd6+ Rxd6 27. Kc2 Nc5
28. cxd4 Nxd3 29. Kxd3 Rf6 30. Raa1 Rxf5 31. Raf1 Rxf1 32. Rxf1 Rxh4 33. Rxf7
Rh2 34. Rf2 g3 35. Re2 Kc7 36. Ke3 Rh4 37. Rd2 Kd6 38. Kf3 Ke6 39. Kxg3 Re4 40.
Kf3 Kf5 41. a5 Kg5 42. g3 Kf5 43. Rd3 Kg5 44. Rb3 Rxd4 45. Rxb7 Ra4 46. b4 Ra3+
47. Ke2 Kf5 48. Rb6 Ke4 49. Rxa6 Ra2+ 50. Ke1 d4 51. g4 d3 52. g5 Rg2 53. Rd6
Ke3 54. Re6+ Kd4 55. a6 Rxg5 56. a7 Rg1+ 57. Kd2 Ra1 58. Rd6+ Kc4 59. Rc6+ Kxb4
60. Rc8 Rxa7 1/2-1/2

[Event "50th Rilton Cup 2022-23"]
[Site "Stockholm SWE"]
[Date "2022.12.31"]
[Round "5.46"]
[White "Wagh, Suyog"]
[Black "Aditya, Varun Gampa"]
[Result "1/2-1/2"]
[WhiteTitle "FM"]
[WhiteElo "2376"]
[BlackElo "2249"]
[WhiteFideId "25071688"]
[BlackFideId "45066183"]
[EventDate "2022.12.27"]

1. d4 Nf6 2. c4 e6 3. Nc3 Bb4 4. e3 O-O 5. Bd2 d5 6. Nf3 a6 7. cxd5 exd5 8. Bd3
Qe7 9. Qb3 c6 10. Ne5 c5 11. a3 Ba5 12. Nxd5 Bxd2+ 13. Kxd2 Nxd5 14. Qxd5 cxd4
15. exd4 Qg5+ 16. Kc2 Bf5 17. Rad1 Nd7 18. h4 Qh5 19. Qf3 Bxd3+ 20. Rxd3 Qxf3
21. Nxf3 Nf6 22. Re3 Nd5 23. Re5 Rfd8 24. Kd2 f6 25. Re4 Kf7 26. Rc1 Rac8 27.
Ree1 Rxc1 28. Rxc1 Ke6 29. g3 h5 30. Kd3 Kf5 31. Nd2 b6 32. f3 Ke6 33. Ne4 Kd7
34. Nc3 Rc8 35. Re1 Ne7 36. Rh1 Ke6 37. Kd2 Kd6 38. Rc1 Re8 39. Kd3 Kd7 40. Re1
Rc8 41. Rh1 Rh8 42. g4 Ke6 1/2-1/2

[Event "50th Rilton Cup 2022-23"]
[Site "Stockholm SWE"]
[Date "2022.12.31"]
[Round "5.47"]
[White "Loay, Sameer"]
[Black "Rietze, Clemens"]
[Result "1/2-1/2"]
[WhiteTitle "IM"]
[BlackTitle "FM"]
[WhiteElo "2153"]
[BlackElo "2359"]
[WhiteFideId "8104239"]
[BlackFideId "24620351"]
[EventDate "2022.12.27"]

1. Nf3 d5 2. g3 Nd7 3. d4 Nb6 4. Bg2 Nf6 5. O-O Bf5 6. Ne5 c6 7. Nd2 h5 8. c4 e6
9. Qb3 Rb8 10. c5 Nbd7 11. Nxd7 Qxd7 12. Nf3 Be7 13. Ne5 Qc8 14. Bf4 Ra8 15. f3
O-O 16. a4 Ne8 17. e4 Bh7 18. exd5 exd5 19. Rae1 Bf6 20. g4 Nc7 21. g5 Bd8 22.
Bc1 Bf5 23. f4 Ne6 24. Qc3 g6 25. b4 Ng7 26. Rf2 Be6 27. Rfe2 Kh7 28. b5 Bf5 29.
Be3 Ne6 30. Rb2 f6 31. gxf6 Bxf6 32. a5 Bxe5 33. fxe5 Rf7 34. a6 bxa6 35. bxc6
Qxc6 36. Qb3 Rd8 37. Ra1 Be4 38. Qa4 Qc7 39. Qxa6 Qe7 40. Rf1 Rdf8 41. Rxf7+
Rxf7 42. Qe2 Qh4 43. Bf2 Qg5 44. Be3 Qh4 45. Bf2 Qg5 46. Be3 Nf4 47. Bxf4 Rxf4
48. h3 Rf3 49. Qd2 Re3 50. h4 Qg3 51. Rb7+ Kh8 52. Rb8+ Kh7 1/2-1/2

[Event "50th Rilton Cup 2022-23"]
[Site "Stockholm SWE"]
[Date "2022.12.31"]
[Round "5.48"]
[White "Rakshitta, Ravi"]
[Black "Aarav, Dengla"]
[Result "0-1"]
[WhiteTitle "WIM"]
[BlackTitle "FM"]
[WhiteElo "2242"]
[BlackElo "2357"]
[WhiteFideId "25073230"]
[BlackFideId "45059756"]
[EventDate "2022.12.27"]

1. e4 c5 2. Nf3 d6 3. d4 cxd4 4. Nxd4 Nf6 5. Nc3 a6 6. Be3 e5 7. Nf3 Be7 8. Bc4
Be6 9. Bb3 Nbd7 10. O-O Rc8 11. Qe2 Qc7 12. Rfd1 O-O 13. Bxe6 fxe6 14. Ng5 Qc4
15. Qxc4 Rxc4 16. Nxe6 Rfc8 17. Ng5 h6 18. Nf3 Rxc3 19. bxc3 Nxe4 20. c4 Rxc4
21. Nd2 Nxd2 22. Rxd2 Nf6 23. f3 b5 24. Kf1 Kf7 25. Ke2 Ke6 26. Kd1 Nd5 27. Rd3
Nc3+ 28. Kd2 d5 29. a3 d4 30. Bf2 Bg5+ 31. Ke1 Nd5 32. h4 Bd8 33. Kd1 Nf4 34.
Rb3 Nxg2 35. a4 b4 36. a5 Kd5 37. h5 Be7 38. Kc1 Nf4 39. Kb2 Ne6 40. Rg1 Bg5 41.
Be1 Kc5 42. Bg3 Bf6 43. Rd3 Kb5 44. Re1 Rc5 45. Rd2 Ng5 46. Rf2 Kxa5 47. f4 exf4
48. Bxf4 Nh3 49. Bd6 d3+ 50. Kb1 Nxf2 51. Bxc5 d2 52. Bxf2 dxe1=Q+ 53. Bxe1 Kb5
54. Ka2 a5 55. Bd2 Kc4 56. Bf4 Kc3 57. Bd6 a4 58. Bc5 b3+ 59. cxb3 axb3+ 60. Kb1
Kd3 0-1

[Event "50th Rilton Cup 2022-23"]
[Site "Stockholm SWE"]
[Date "2022.12.31"]
[Round "5.49"]
[White "Crevatin, Leo"]
[Black "Harshad, S"]
[Result "1/2-1/2"]
[WhiteTitle "FM"]
[BlackTitle "FM"]
[WhiteElo "2319"]
[BlackElo "2202"]
[WhiteFideId "1726307"]
[BlackFideId "46616551"]
[EventDate "2022.12.27"]

1. d4 Nf6 2. c4 e6 3. Nc3 Bb4 4. e3 O-O 5. Bd2 d5 6. Nf3 b6 7. cxd5 exd5 8. Rc1
c5 9. Bd3 Nc6 10. O-O Bg4 11. Qa4 Bxf3 12. Qxc6 Bg4 13. a3 Bxc3 14. Bxc3 Qd7 15.
Qxd7 Nxd7 16. f3 Be6 17. Rfe1 c4 18. Bc2 f5 19. Bb4 Rf7 20. Bd6 b5 21. h3 Nb6
22. Bc5 Rc8 23. Bxb6 axb6 24. Bb1 Re7 25. Rc3 Rd8 26. Kf2 g6 27. Bc2 Kg7 28. Bb1
Rf7 29. f4 h5 1/2-1/2

[Event "50th Rilton Cup 2022-23"]
[Site "Stockholm SWE"]
[Date "2022.12.31"]
[Round "5.50"]
[White "Dixit, Nikhil"]
[Black "Ostlund, Joar"]
[Result "0-1"]
[WhiteTitle "FM"]
[BlackTitle "CM"]
[WhiteElo "2306"]
[BlackElo "2212"]
[WhiteFideId "5059534"]
[BlackFideId "1735020"]
[EventDate "2022.12.27"]

1. e4 e5 2. Nf3 Nc6 3. Bb5 g6 4. O-O Bg7 5. c3 a6 6. Bc4 Nge7 7. d4 exd4 8. cxd4
O-O 9. Nc3 b5 10. Bb3 d6 11. h3 Na5 12. Bc2 c5 13. Bf4 Nc4 14. Rb1 Bb7 15. dxc5
dxc5 16. Qc1 Qb6 17. Bh6 Rad8 18. Bxg7 Kxg7 19. b3 Na5 20. Qe3 Rfe8 21. Qf4 Qf6
22. Qxf6+ Kxf6 23. e5+ Kg7 24. Ne4 Bxe4 25. Bxe4 Nec6 26. Rfd1 Nxe5 27. Nxe5
Rxd1+ 28. Rxd1 Rxe5 29. Bf3 Re6 30. Rd7 Nc6 31. Rc7 Nb4 32. a3 Nd3 33. Bd5 Rf6
34. f3 Nf4 35. Be4 Ne6 36. Rc6 Nd4 37. Rxc5 Nxb3 38. Rc7 Rd6 39. Kf2 Nd2 40. Bb7
Nb1 41. Ke3 Nxa3 42. Ke4 b4 43. Bd5 Rxd5 44. Kxd5 b3 45. Rb7 Nb5 46. Re7 b2 47.
Re1 Nc3+ 0-1

[Event "50th Rilton Cup 2022-23"]
[Site "Stockholm SWE"]
[Date "2022.12.31"]
[Round "5.51"]
[White "Srinath, Rao S.V."]
[Black "Mahitosh, Dey"]
[Result "1-0"]
[WhiteTitle "IM"]
[BlackTitle "FM"]
[WhiteElo "2296"]
[BlackElo "2134"]
[WhiteFideId "5028876"]
[BlackFideId "25091468"]
[EventDate "2022.12.27"]

1. d4 d5 2. Bf4 Nf6 3. Nc3 e6 4. e3 a6 5. g4 h6 6. Bg2 c5 7. Qf3 Nc6 8. Nge2 b5
9. h4 b4 10. Na4 cxd4 11. exd4 Ne4 12. Qe3 Be7 13. Ng3 Nd6 14. Nh5 Nc4 15. Qd3
g6 16. Ng3 a5 17. b3 Na3 18. O-O Bf6 19. c4 Nxd4 20. Rad1 O-O 21. Bxh6 Re8 22.
h5 g5 23. Bxg5 Bxg5 24. Qxd4 Bf6 25. Qf4 e5 26. Qf3 Qe7 27. Nb6 e4 28. Qe2 1-0

[Event "50th Rilton Cup 2022-23"]
[Site "Stockholm SWE"]
[Date "2022.12.31"]
[Round "5.52"]
[White "Shohat, Yotam"]
[Black "Arhan, Chethan Anand"]
[Result "1/2-1/2"]
[WhiteTitle "FM"]
[WhiteElo "2294"]
[BlackElo "2112"]
[WhiteFideId "2813955"]
[BlackFideId "45062510"]
[EventDate "2022.12.27"]

1. e4 c5 2. Nf3 d6 3. Bb5+ Bd7 4. Bxd7+ Nxd7 5. O-O Ngf6 6. Qe2 e6 7. c3 Be7 8.
d4 O-O 9. Rd1 cxd4 10. cxd4 Nb6 11. Nc3 d5 12. e5 Nfd7 13. Bf4 Rc8 14. Rac1 Nc4
15. b3 Na3 16. Qd3 h6 17. Ne2 Qa5 18. Bd2 Bb4 19. Nf4 Bxd2 20. Nxd2 Qb4 21. g3
Nb6 22. Nf3 Rxc1 23. Rxc1 Rc8 24. Rxc8+ Nxc8 25. Kg2 Ne7 26. g4 Qb5 27. Qd2 Nc6
28. h4 Qb4 29. Qd3 Qb5 30. Qd1 Qb4 31. Qd3 Qb5 32. Qe3 Qb4 33. Qd3 1/2-1/2

[Event "50th Rilton Cup 2022-23"]
[Site "Stockholm SWE"]
[Date "2022.12.31"]
[Round "5.53"]
[White "Kolbus, Dietmar"]
[Black "Delgerdalai, Bayarjavkhlan"]
[Result "0-1"]
[WhiteTitle "IM"]
[WhiteElo "2292"]
[BlackElo "2100"]
[WhiteFideId "4610628"]
[BlackFideId "23727276"]
[EventDate "2022.12.27"]

1. c4 e5 2. Nc3 Nf6 3. Nf3 Nc6 4. e3 Bb4 5. Qc2 Bxc3 6. Qxc3 Qe7 7. d3 d5 8. Be2
O-O 9. a3 e4 10. Nd2 Ne5 11. d4 Nxc4 12. Nxc4 dxc4 13. Bxc4 Be6 14. Be2 Nd5 15.
Qc2 f5 16. Bd2 Qg5 17. g3 Rad8 18. Qa4 a6 19. Rc1 Rf7 20. Rc5 Qf6 21. h4 Rfd7
22. Bc1 Qh6 23. Rg1 Bf7 24. Qc2 Re8 25. Rf1 Qd6 26. Rg1 h6 27. h5 Qf6 28. Rh1
Qg5 29. Rh4 c6 30. Kf1 Nf6 31. Qd1 Red8 32. Kg2 Nd5 33. Qh1 Qf6 34. Rc2 Nc7 35.
Rc5 Bd5 36. Rc2 Ne6 37. Rc3 a5 38. a4 b6 39. Kh3 c5 40. dxc5 Nxc5 41. Bb5 Bc6
42. Bc4+ Kh8 43. Rf4 Rd1 44. Qg2 Qg5 45. g4 fxg4+ 46. Kg3 Qxh5 47. Be2 Rg1 0-1

[Event "50th Rilton Cup 2022-23"]
[Site "Stockholm SWE"]
[Date "2022.12.31"]
[Round "5.54"]
[White "Soderstrom, Adrian"]
[Black "Schenderowitsch, Michael"]
[Result "1/2-1/2"]
[WhiteTitle "CM"]
[BlackTitle "FM"]
[WhiteElo "2202"]
[BlackElo "2269"]
[WhiteFideId "1745786"]
[BlackFideId "4661923"]
[EventDate "2022.12.27"]

1. d4 d5 2. c4 e5 3. dxe5 Ne7 4. cxd5 Qxd5 5. Qxd5 Nxd5 6. a3 Nc6 7. e4 Nb6 8.
Nf3 h6 9. Be3 Bd7 10. Be2 O-O-O 11. Nbd2 g5 12. Rc1 Bg7 13. O-O Kb8 14. Nb3 Nxe5
15. Nfd4 Ng4 16. Bxg4 Bxg4 17. Rc2 Be5 18. h3 Bc8 19. Nf3 Bd6 20. Rfc1 c6 21.
Bd4 Rhe8 22. Bf6 Be7 23. Be5+ Bd6 24. Bf6 Be7 25. Be5+ Bd6 26. Bf6 1/2-1/2

[Event "50th Rilton Cup 2022-23"]
[Site "Stockholm SWE"]
[Date "2022.12.31"]
[Round "5.55"]
[White "Tulchynskyi, Feliks"]
[Black "Ilamparthi, A R"]
[Result "0-1"]
[WhiteElo "2135"]
[BlackElo "2336"]
[WhiteFideId "34127895"]
[BlackFideId "45015775"]
[EventDate "2022.12.27"]

1. d4 Nf6 2. c4 g6 3. Nc3 Bg7 4. e4 d6 5. h3 O-O 6. Be3 c5 7. d5 e6 8. Nf3 exd5
9. cxd5 Nbd7 10. Be2 Ne8 11. O-O Rb8 12. a4 a6 13. Nd2 Nc7 14. a5 b5 15. axb6
Nxb6 16. Qc2 f5 17. f3 f4 18. Bf2 Kh8 19. Rfb1 Nb5 20. Nb3 Nd7 21. Nxb5 axb5 22.
Na5 Ne5 23. Ra2 Bd7 24. b4 c4 25. Rd1 Kg8 26. Kh1 Rf7 27. Qc1 g5 28. Rad2 Ra8
29. Qc2 Qc8 30. Bf1 Rf6 31. Nc6 Bxc6 32. dxc6 Qxc6 33. Rd5 Re6 34. Bd4 Nf7 35.
Qc3 Be5 36. Kh2 Kf8 37. Ra1 Rxa1 38. Qxa1 Bxd4 39. Rxd4 Qb6 40. Qc3 Ne5 41. Be2
Ke7 42. Qa1 Kf6 43. Qd1 Ke7 44. Qa1 Kd7 45. Kh1 Re7 46. Rd1 Re8 47. Bf1 Ke6 48.
Qa2 h5 49. Qd2 Rf8 50. Qd5+ Ke7 51. Be2 Qc6 52. Qd4 Ra8 53. h4 Ra2 54. Rd2 Rxd2
55. Qxd2 c3 56. Qc1 g4 57. Qxf4 c2 58. Qg5+ Kd7 59. Qc1 g3 60. f4 Ng4 61. Bxg4+
hxg4 62. Kg1 Qb6+ 63. Kh1 Qd4 0-1

[Event "50th Rilton Cup 2022-23"]
[Site "Stockholm SWE"]
[Date "2022.12.31"]
[Round "5.56"]
[White "Karavade, Eesha"]
[Black "Katkov, Michelle"]
[Result "1-0"]
[WhiteTitle "IM"]
[BlackTitle "WFM"]
[WhiteElo "2325"]
[BlackElo "2220"]
[WhiteFideId "5012600"]
[BlackFideId "2816393"]
[EventDate "2022.12.27"]

1. Nf3 Nf6 2. c4 e6 3. g3 d5 4. Bg2 dxc4 5. Qa4+ Nbd7 6. Qxc4 a6 7. Qc2 Bd6 8.
Nc3 c5 9. d4 O-O 10. O-O Qc7 11. dxc5 Nxc5 12. Rd1 h6 13. Be3 b6 14. Nd4 Bb7 15.
Ndb5 axb5 16. Nxb5 Bxg2 17. Nxc7 Be4 18. Nxa8 Bxc2 19. Rxd6 Rxa8 20. Rc1 Be4 21.
a3 Rb8 22. f3 Bf5 23. Bf4 Rb7 24. Rd8+ Kh7 25. b4 g5 26. bxc5 gxf4 27. c6 Rc7
28. gxf4 e5 29. e4 Be6 30. f5 Bc8 31. Kf2 Ng8 32. Ke3 Ne7 33. f6 Ng8 34. Rd5
Nxf6 35. Rxe5 Ba6 36. Rf5 Ne8 37. Rd5 Kg7 38. Rd8 Kf8 39. Rb8 b5 40. Kd4 Ke7 41.
Kc5 Rc8 42. Rxc8 Bxc8 43. Kxb5 Be6 44. Kb6 Nd6 45. a4 f5 46. c7 fxe4 47. fxe4
Kd7 48. e5 Nc8+ 49. Kb7 Ke7 50. Rd1 Bb3 51. Rd8 1-0

[Event "50th Rilton Cup 2022-23"]
[Site "Stockholm SWE"]
[Date "2022.12.31"]
[Round "5.57"]
[White "Valkama, Eero"]
[Black "Seo, Jung Hyun"]
[Result "1-0"]
[WhiteTitle "FM"]
[WhiteElo "2263"]
[BlackElo "2156"]
[WhiteFideId "507555"]
[BlackFideId "1735667"]
[EventDate "2022.12.27"]

1. e4 c6 2. d4 d5 3. e5 Bf5 4. Nf3 e6 5. Be2 c5 6. Be3 cxd4 7. Nxd4 Ne7 8. c4
Nbc6 9. Nc3 Nxd4 10. Bxd4 dxc4 11. Bxc4 Nc6 12. Bb5 Bb4 13. a3 O-O 14. Bxc6
Bxc3+ 15. Bxc3 bxc6 16. Bb4 Qxd1+ 17. Rxd1 Rfb8 18. Rd2 a5 19. Bd6 Rb5 20. f3
Rd5 21. Ke2 Ra6 22. Rc1 Rb6 23. b4 axb4 24. Rxd5 exd5 25. Bxb4 d4 26. g4 Bg6 27.
f4 h5 28. h3 Be4 29. gxh5 Kh7 30. Rd1 d3+ 31. Ke3 Bf5 32. Rg1 f6 33. h6 gxh6 34.
exf6 Rb7 35. Be7 Rd7 36. Kd2 Be6 37. f5 Bb3 38. Rg7+ Kh8 39. f7 Bxf7 40. Rxf7
Rd5 41. Rf8+ Kh7 42. f6 Rf5 43. Rc8 Kg6 44. Rg8+ Kh7 45. Rg7+ Kh8 46. Rg3 Kh7
47. Kxd3 c5 48. a4 h5 49. a5 h4 50. Rg7+ Kh8 51. Rg4 c4+ 52. Kxc4 Rxa5 53. f7
Kh7 54. Bb4 Ra1 55. f8=N+ Kh6 56. Bd2+ Kh5 57. Rg5+ Kh6 58. Rg6+ Kh5 59. Rh6# 1-0

[Event "50th Rilton Cup 2022-23"]
[Site "Stockholm SWE"]
[Date "2022.12.31"]
[Round "5.58"]
[White "Goh, Zi Han"]
[Black "Wernberg, Hugo"]
[Result "0-1"]
[WhiteTitle "CM"]
[BlackTitle "FM"]
[WhiteElo "2126"]
[BlackElo "2255"]
[WhiteFideId "5819156"]
[BlackFideId "1737511"]
[EventDate "2022.12.27"]

1. d4 Nf6 2. c4 e6 3. Nf3 b6 4. g3 Bb7 5. Bg2 Be7 6. O-O O-O 7. Nc3 Ne4 8. Qd3
Nxc3 9. Qxc3 d6 10. Re1 f5 11. Nd2 Bxg2 12. Kxg2 Nd7 13. e4 f4 14. Nf3 fxg3 15.
hxg3 Qe8 16. Qd3 Qg6 17. Bd2 Rf7 18. Re2 Raf8 19. Ne1 e5 20. Bc3 Nf6 21. Kg1 Nh5
22. Ng2 Rf3 23. Qc2 Nf4 24. gxf4 exf4 25. Rd1 Rh3 26. f3 Qh6 27. Ree1 Rxf3 28.
Rf1 Rh3 29. Qd2 Bg5 30. Rde1 f3 31. Re3 f2+ 32. Rxf2 Rh1# 0-1

[Event "50th Rilton Cup 2022-23"]
[Site "Stockholm SWE"]
[Date "2022.12.31"]
[Round "5.59"]
[White "Mierins, Emils Janis"]
[Black "Kukreja, Sankalp"]
[Result "1-0"]
[BlackTitle "CM"]
[WhiteElo "2118"]
[BlackElo "2254"]
[WhiteFideId "11616830"]
[BlackFideId "45027676"]
[EventDate "2022.12.27"]

1. e4 c5 2. Nf3 e6 3. d4 cxd4 4. Nxd4 Nc6 5. Nc3 Qc7 6. Be3 a6 7. Be2 Nf6 8. O-O
Bb4 9. Na4 Be7 10. Nxc6 bxc6 11. Qd4 Rb8 12. c4 Qa5 13. b3 e5 14. Qd3 d5 15. Bd2
Bb4 16. Bxb4 Rxb4 17. exd5 cxd5 18. Qg3 O-O 19. cxd5 Qxd5 20. Rfd1 Qe4 21. Nc3
Qf5 22. Nd5 Nxd5 23. Rxd5 Rf4 24. Rad1 Qf6 25. Rd6 Qe7 26. Bxa6 Rg4 27. Qf3 e4
28. Qe3 Bxa6 29. Rxa6 f5 30. Ra7 Qe6 31. Rdd7 Rc8 32. Qd2 Qf6 33. h3 Rg6 34.
Qd5+ Kh8 35. Rac7 Re8 36. Re7 Rb8 37. Qf7 Qxf7 38. Rxf7 h6 39. Rxf5 Rd8 40. Rc2
Rd3 41. Kh2 e3 42. Rf3 exf2 43. Rcxf2 Rd1 44. Rg3 Re6 45. Rf8+ Kh7 46. Rf7 Rg6
47. Rxg6 Kxg6 48. Rb7 Kf6 49. a4 Ra1 50. Rb5 Ke6 51. a5 1-0

[Event "50th Rilton Cup 2022-23"]
[Site "Stockholm SWE"]
[Date "2022.12.31"]
[Round "5.60"]
[White "Gomez Aguirre, Juan Alberto"]
[Black "Westerinen, Heikki M.J."]
[Result "1/2-1/2"]
[BlackTitle "GM"]
[WhiteElo "2108"]
[BlackElo "2253"]
[WhiteFideId "54587867"]
[BlackFideId "500020"]
[EventDate "2022.12.27"]

1. d4 Nf6 2. c4 g6 3. Nc3 Bg7 4. e4 d6 5. h3 O-O 6. Be3 c5 7. d5 e6 8. Bd3 exd5
9. exd5 Nfd7 10. Nf3 Ne5 11. Nxe5 Bxe5 12. O-O Nd7 13. f4 Bxc3 14. bxc3 f5 15.
Bf2 Nb6 16. Qc2 Bd7 17. Rae1 Qf6 18. Re3 Rae8 19. Rfe1 Na4 20. Rxe8 Rxe8 21.
Rxe8+ Bxe8 22. Be1 Qe7 23. Bd2 Qh4 24. Be2 Bd7 25. Qd3 Kf7 26. Qb1 Nb6 27. Qd3
Ba4 28. g4 Bd7 29. g5 h6 30. Kg2 Ke7 31. Bf1 Kd8 32. gxh6 Qxh6 33. Qg3 Qh5 34.
Qg5+ Qxg5+ 35. fxg5 Ba4 36. Be2 Bc2 37. h4 Ke7 38. Kf2 Bb1 39. h5 gxh5 40. g6
Kf6 41. Bxh5 Bxa2 42. Bg5+ Kg7 43. Ke3 Bxc4 44. Kf4 Nxd5+ 45. Kxf5 a5 46. Bf3
Bd3+ 47. Ke6 Kxg6 48. Bd2 Nb6 49. Bxb7 Bf5+ 50. Ke7 d5 51. Be3 Be4 52. Bxc5 Na4
53. Bd4 Nb2 54. Ke6 a4 55. Bc5 Nc4 56. Bxd5 Bxd5+ 57. Kxd5 a3 58. Bxa3 Nxa3 59.
c4 Nxc4 1/2-1/2

[Event "50th Rilton Cup 2022-23"]
[Site "Stockholm SWE"]
[Date "2022.12.31"]
[Round "5.61"]
[White "Raghav, Srivathsav V"]
[Black "Rasti, Arvin"]
[Result "1/2-1/2"]
[WhiteElo "2059"]
[BlackElo "2249"]
[WhiteFideId "5073316"]
[BlackFideId "1741160"]
[EventDate "2022.12.27"]

1. d4 Nf6 2. c4 g6 3. Nc3 Bg7 4. e4 d6 5. Nf3 Bg4 6. Be2 O-O 7. Be3 Nfd7 8. Ng1
Bxe2 9. Ngxe2 e5 10. O-O exd4 11. Nxd4 Nc6 12. Re1 Nde5 13. Nxc6 bxc6 14. Qe2
Qh4 15. f3 f5 16. Rad1 Rab8 17. Bxa7 fxe4 18. f4 Nd3 19. g3 Qh3 20. Qxe4 Rxb2
21. Rxd3 Qxh2+ 22. Kf1 Ra8 23. Nd1 Qh3+ 24. Kg1 Rxa2 25. Bf2 Qd7 26. Qe7 Qf5 27.
Qe4 Qxe4 28. Rxe4 Rc2 29. Re7 Ra1 30. Rxc7 1/2-1/2

[Event "50th Rilton Cup 2022-23"]
[Site "Stockholm SWE"]
[Date "2022.12.31"]
[Round "5.62"]
[White "Grahn, Vidar"]
[Black "Larsen, Karsten"]
[Result "1/2-1/2"]
[BlackTitle "FM"]
[WhiteElo "1980"]
[BlackElo "2248"]
[WhiteFideId "1744780"]
[BlackFideId "1404288"]
[EventDate "2022.12.27"]

1. e4 e5 2. Nf3 Nc6 3. Bb5 Nf6 4. O-O Nxe4 5. d4 Nd6 6. Bxc6 dxc6 7. dxe5 Nf5 8.
Qxd8+ Kxd8 9. h3 h6 10. Rd1+ Ke8 11. Nc3 Be7 12. Bf4 Bd7 13. Rd2 Rd8 14. Rad1
Be6 15. Rxd8+ Bxd8 16. Nd4 Nxd4 17. Rxd4 Be7 18. Ne4 a5 19. a4 b6 20. Rd1 Bf5
21. f3 Bd8 22. c3 c5 23. c4 Bxe4 24. fxe4 Ke7 25. Kf2 Ke6 26. b3 Be7 27. Kf3 h5
28. Bc1 Rd8 29. Rxd8 Bxd8 30. Bb2 Bg5 31. g4 hxg4+ 32. hxg4 Bd2 33. Ba1 Bg5 34.
Bc3 g6 35. Bb2 Be7 36. Bc3 Bg5 37. Bb2 Bd2 38. Ba1 g5 39. Bb2 Bf4 40. Bc3 Bxe5
41. Be1 Bf4 42. Bf2 Ke5 43. Bg1 c6 44. Bf2 Ke6 45. Bg1 Ke5 1/2-1/2

[Event "50th Rilton Cup 2022-23"]
[Site "Stockholm SWE"]
[Date "2022.12.31"]
[Round "5.63"]
[White "Lever, Erwan"]
[Black "Guillo Longares, Cecilia"]
[Result "1-0"]
[BlackTitle "WFM"]
[WhiteElo "2241"]
[BlackElo "1941"]
[WhiteFideId "20640099"]
[BlackFideId "32082681"]
[EventDate "2022.12.27"]

1. d4 Nf6 2. c4 c5 3. d5 g6 4. Nc3 Bg7 5. e4 d6 6. h3 O-O 7. Nf3 e6 8. Bd3 Na6
9. O-O Nc7 10. Rb1 Rb8 11. Bg5 h6 12. Bh4 e5 13. Nh2 Qe8 14. Ng4 Nh5 15. Re1 f5
16. exf5 gxf5 17. Ne3 Qg6 18. Be7 Nf4 19. Bxf8 Kxf8 20. Kh2 e4 21. Bf1 Be5 22.
g3 Nh5 23. Ne2 f4 24. Nxf4 Nxf4 25. gxf4 Bxf4+ 26. Kh1 Qg5 27. Ng2 Bxh3 28. Rxe4
Bxg2+ 29. Bxg2 Re8 30. Qf3 Rxe4 31. Qxe4 Ne8 32. Re1 Be5 33. Bh3 Nf6 34. Qf5 Qh4
35. b3 h5 36. Re3 Kg7 37. Rf3 Qd4 38. Qg5+ Kf8 39. Qh6+ Ke8 40. Qh8+ Ke7 41.
Qg7+ Ke8 42. Kg2 Qe4 43. Be6 Qh4 44. Bd7+ Kd8 45. Bh3 Ke8 46. Re3 Qf4 47. Qg3
Qd4 48. f4 h4 49. Qf3 Qd2+ 50. Re2 1-0

[Event "50th Rilton Cup 2022-23"]
[Site "Stockholm SWE"]
[Date "2022.12.31"]
[Round "5.64"]
[White "Buchenau, Frank"]
[Black "Tryggestad, Andreas Garberg"]
[Result "1/2-1/2"]
[WhiteTitle "FM"]
[BlackTitle "FM"]
[WhiteElo "2218"]
[BlackElo "2276"]
[WhiteFideId "4604350"]
[BlackFideId "1513338"]
[EventDate "2022.12.27"]

1. e4 c6 2. Nf3 d5 3. Nc3 Bg4 4. h3 Bxf3 5. Qxf3 e6 6. d4 Nf6 7. a3 dxe4 8. Qe3
Nbd7 9. Nxe4 Nxe4 10. Qxe4 Nf6 11. Qd3 Be7 12. Be2 O-O 13. O-O Qc7 14. c3 Rfd8
15. Qg3 Qxg3 16. fxg3 Ne4 17. Kh2 Rd7 18. Bd3 Nd6 19. Bf4 Rad8 20. g4 Ne8 21.
Be3 Nf6 22. Rae1 Nd5 23. Bc1 h6 24. g3 a6 25. Bc2 Nb6 26. Kg2 Nc4 27. Re2 b5 28.
a4 Nb6 29. axb5 axb5 30. Ref2 Bd6 31. g5 hxg5 32. Bxg5 Rb8 33. Be4 Nd5 34. Ra1
Be7 35. Bxe7 Rxe7 36. Ra6 Rc7 37. Kf3 Kf8 38. h4 Ke7 39. g4 Kd6 40. h5 Rh8 41.
Ke2 Nf6 42. Bf3 Nh7 43. Kd3 Ng5 44. Bg2 Rg8 45. Rc2 Rb8 46. b4 Kd7 47. c4 bxc4+
48. Rxc4 Rbc8 49. Rc5 f6 50. Ke3 Nf7 51. Kf4 e5+ 52. Ke3 exd4+ 53. Kxd4 Ne5 54.
g5 Ke7 55. h6 Rd8+ 56. Ke4 Nf7 57. hxg7 Nxg5+ 58. Ke3 Kf7 59. Rcxc6 Re7+ 60. Kf4
Rd4+ 61. Kg3 Kxg7 62. Rxf6 Ne4+ 63. Bxe4 Rexe4 64. Rg6+ Kf7 65. Raf6+ Ke7 66. b5
Re3+ 67. Rf3 Rxf3+ 68. Kxf3 Kd7 69. Ke3 Rb4 70. b6 Kc8 71. Kd3 Kb7 72. Kc3 Rxb6
73. Rxb6+ Kxb6 1/2-1/2

[Event "50th Rilton Cup 2022-23"]
[Site "Stockholm SWE"]
[Date "2022.12.31"]
[Round "5.65"]
[White "Ornstein, Axel"]
[Black "Joel Paul Ganta"]
[Result "1-0"]
[WhiteTitle "IM"]
[WhiteElo "2249"]
[BlackElo "2183"]
[WhiteFideId "1700111"]
[BlackFideId "35066145"]
[EventDate "2022.12.27"]

1. d4 Nf6 2. c4 g6 3. Nc3 Bg7 4. e4 d6 5. f4 O-O 6. Nf3 c5 7. d5 e6 8. dxe6 Bxe6
9. Bd3 Nc6 10. f5 Bc8 11. O-O gxf5 12. exf5 Ne7 13. Ng5 d5 14. cxd5 h6 15. Nge4
Nexd5 16. Nxd5 Nxd5 17. f6 Nxf6 18. Nxf6+ Bxf6 19. Bxh6 Qd4+ 20. Kh1 Bg4 21. Be2
Qxd1 22. Bxd1 Bxd1 23. Bxf8 Bxb2 24. Raxd1 Rxf8 25. Rb1 Bd4 26. Rxb7 c4 27. Rb4 1-0